000 00418nam a22001697a 4500
003 MPLRDC
005 20220104113604.0
008 210129b ||||| |||| 00| 0 eng d
082 _a857.62 ZTTL v.2
100 _a森村诚一
245 _a杀意的架桥
_c朱佩兰编译
260 _a
_b天健出版社
_c
300 _b
490 _a侦探推理系列
650 _a推理小说
942 _cBK
_o857.62 ZTTL v.2
999 _c808
_d798